[Event "Olomouc IM1 22nd"]
[Site "Olomouc"]
[Date "2019.08.17"]
[Round "9"]
[White "Wiley, Tom E"]
[Black "Singh, S Vikramjit"]
[Result "0-1"]
[WhiteElo "2124"]
[BlackElo "2185"]
[PlyCount "130"]
[EventDate "2019.08.10"]
[EventType "tourn"]
[EventRounds "9"]
[EventCountry "CZE"]
[SourceTitle "CBM 191 Extra"]
[Source "ChessBase"]
[SourceDate "2019.09.30"]
[SourceVersion "1"]
[SourceVersionDate "2019.09.30"]
[SourceQuality "1"]

1. d4 Nf6 2. c4 c5 3. d5 d6 4. Nc3 g6 5. e4 Bg7 6. Bd3 0-0 7. h3 e5 8. g4 Na6 9. Be3 Nc7 10. Nge2 a6 11. a4 b6 12. Ng3 Bd7 13. b3 b5 14. a5 Rb8 15. Kf1 Qe7 16. Kg2 Rb7 17. Ra2 Rfb8 18. Qe2 bxc4 19. bxc4 Rb3 20. Rb1 Rxb1 21. Nxb1 Qd8 22. Rb2 Na8 23. Rxb8 Qxb8 24. Bc1 Qc8 25. f3 h5 26. Bd2 hxg4 27. hxg4 Nh7 28. Nc3 Bf6 29. Nd1 Bg5 30. Bxg5 Nxg5 31. Qd2 Qd8 32. Nf2 Kg7 33. Be2 f6 34. Nh3 Nf7 35. Nf1 Qb8 36. Ne3 Nc7 37. Nf2 Qb3 38. Bd1 Qa3 39. Bc2 Qb2 40. Kf1 Ng5 41. Ke2 Ne8 42. Nfd1 Qb8 43. Nc3 Qb4 44. Nb1 Qb2 45. Bd3 Qd4 46. Bc2 Nh3 47. Qxd4 Nf4+ 48. Kf2 exd4 49. Nd1 Kh6 50. Nb2 Kg5 51. Nd3 f5 52. gxf5 gxf5 53. Nxf4 Kxf4 54. exf5 Bxf5 55. Bxf5 Kxf5 56. Nd2 Nf6 57. Kg3 Nh5+ 58. Kh4 Nf6 59. Kg3 Nh5+ 60. Kh4 Nf4 61. Ne4 Ke5 62. Kg4 d3 63. Nd2 Ng2 64. Nb3 Ne3+ 65. Kg5 Nxc4 0-1

[Event "Olomouc IM1 22nd"]
[Site "Olomouc"]
[Date "2019.08.12"]
[Round "4"]
[White "Singh, S Vikramjit"]
[Black "Plischki, Sebastian"]
[Result "1/2-1/2"]
[WhiteElo "2185"]
[BlackElo "2391"]
[PlyCount "68"]
[EventDate "2019.08.10"]
[EventType "tourn"]
[EventRounds "9"]
[EventCountry "CZE"]
[SourceTitle "CBM 191 Extra"]
[Source "ChessBase"]
[SourceDate "2019.09.30"]
[SourceVersion "1"]
[SourceVersionDate "2019.09.30"]
[SourceQuality "1"]

1. d4 d5 2. c4 dxc4 3. Nf3 a6 4. e3 Bg4 5. Bxc4 e6 6. Nc3 Nc6 7. Be2 Nf6 8. 0-0 Bd6 9. Nd2 Bxe2 10. Qxe2 0-0 11. Rd1 e5 12. dxe5 Bxe5 13. Nf3 Qe7 14. Nxe5 Qxe5 15. Bd2 Rfe8 16. Be1 Rad8 17. Rxd8 Nxd8 18. Rd1 Ne6 19. f3 b5 20. Bg3 Qc5 21. Bf2 Qe7 22. Bh4 Rd8 23. Rxd8+ Qxd8 24. Ne4 h6 25. Bxf6 gxf6 26. g4 Ng5 27. Nxg5 fxg5 28. Kg2 c5 29. b3 Qd5 30. Qb2 c4 31. bxc4 bxc4 32. Qb8+ Kg7 33. Qb2+ f6 34. Qc3 Kg6 1/2-1/2

[Event "Pardubice Czech op-A 30th"]
[Site "Pardubice"]
[Date "2019.07.25"]
[Round "7"]
[White "Karsay, Pascal"]
[Black "Singh, S Vikramjit"]
[Result "1-0"]
[WhiteElo "2304"]
[BlackElo "2164"]
[PlyCount "155"]
[EventDate "2019.07.19"]
[EventType "swiss"]
[EventRounds "9"]
[EventCountry "CZE"]
[SourceTitle "CBM 191"]
[Source "ChessBase"]
[SourceDate "2019.08.31"]
[SourceVersion "1"]
[SourceVersionDate "2019.08.31"]
[SourceQuality "1"]

1. e4 c5 2. d3 Nc6 3. g3 d5 4. exd5 Qxd5 5. Nf3 Bg4 6. Bg2 Nd4 7. Nbd2 Qe6+ 8. Kf1 Qd7 9. h3 Bh5 10. g4 Bg6 11. Ne5 Qc7 12. Ndc4 f6 13. Nxg6 hxg6 14. c3 Nc6 15. Be3 e6 16. Qf3 Bd6 17. a3 a5 18. Qe4 Kf7 19. Nxd6+ Qxd6 20. Rd1 Nge7 21. Qc4 b6 22. Bf4 Qd7 23. Bg3 a4 24. h4 Ra5 25. h5 gxh5 26. gxh5 Nf5 27. d4 Nxg3+ 28. fxg3 Ne5 29. Qe2 cxd4 30. Rxd4 Qb5 31. Rb4 Qxe2+ 32. Kxe2 f5 33. Rxb6 Nc4 34. Rb4 Re5+ 35. Kf2 Rc8 36. Bf3 Kf6 37. h6 gxh6 38. Rxh6+ Kg5 39. Rh5+ Kg6 40. Rh4 Rec5 41. Be2 Nd6 42. Bd3 Kg5 43. Rxa4 Nf7 44. Ra7 Ne5 45. Be2 Rb8 46. Rb4 Rh8 47. Rb6 Rh2+ 48. Kf1 Nc6 49. Rc7 Re5 50. Bc4 Kg4 51. Rd7 Re3 52. Kg1 Rc2 53. Rxc6 Kxg3 54. Bf1 Rc1 55. Rd2 f4 56. Rg2+ Kf3 57. Rf2+ Kg3 58. Rc8 f3 59. Rg8+ Kf4 60. Rf8+ Kg3 61. Rh2 Rxf1+ 62. Kxf1 Kxh2 63. Kf2 Re2+ 64. Kxf3 Rxb2 65. Ke3 Rb3 66. Kd4 Rxa3 67. Re8 Ra6 68. c4 Kg3 69. c5 Kf4 70. Rf8+ Kg5 71. Ke5 Rc6 72. Rg8+ Kh6 73. Kd4 Ra6 74. Kc4 Kh7 75. Rg3 Ra1 76. c6 e5 77. c7 Ra8 78. Kd5 1-0

[Event "Pardubice Czech op-A 30th"]
[Site "Pardubice"]
[Date "2019.07.24"]
[Round "6"]
[White "Singh, S Vikramjit"]
[Black "Sidorika, Vladislav"]
[Result "1/2-1/2"]
[WhiteElo "2164"]
[BlackElo "2315"]
[PlyCount "70"]
[EventDate "2019.07.19"]
[EventType "swiss"]
[EventRounds "9"]
[EventCountry "CZE"]
[SourceTitle "CBM 191"]
[Source "ChessBase"]
[SourceDate "2019.08.31"]
[SourceVersion "1"]
[SourceVersionDate "2019.08.31"]
[SourceQuality "1"]

1. d4 Nf6 2. c4 e6 3. Nc3 Bb4 4. Qc2 c5 5. dxc5 Na6 6. a3 Bxc3+ 7. Qxc3 Nxc5 8. b4 Nce4 9. Qd4 d5 10. c5 b6 11. f3 bxc5 12. bxc5 Qa5+ 13. Qb4 Qxb4+ 14. axb4 Nc3 15. Bb2 Nb5 16. e4 Nc7 17. Be5 Kd8 18. Nh3 Bd7 19. Ng5 Be8 20. b5 Nd7 21. Bd6 Kc8 22. Bd3 f6 23. b6 Nxc5 24. Bxc5 axb6 25. Rxa8+ Nxa8 26. Ba6+ Kd7 27. Bb5+ Kc8 28. Ba6+ Kd7 29. Bb5+ Kc8 30. Ba6+ Kd7 31. Bb5+ Kc8 32. Ba6+ Kd7 33. Bb5+ Kc8 34. Ba6+ Kd7 35. Bb5+ Kc8 1/2-1/2

[Event "Pardubice Czech op-A 30th"]
[Site "Pardubice"]
[Date "2019.07.19"]
[Round "1"]
[White "Bruedigam, Martin"]
[Black "Singh, S Vikramjit"]
[Result "1/2-1/2"]
[WhiteElo "2395"]
[BlackElo "2164"]
[PlyCount "121"]
[EventDate "2019.07.19"]
[EventType "swiss"]
[EventRounds "9"]
[EventCountry "CZE"]
[SourceTitle "CBM 191"]
[Source "ChessBase"]
[SourceDate "2019.08.31"]
[SourceVersion "1"]
[SourceVersionDate "2019.08.31"]
[SourceQuality "1"]

1. e4 c5 2. Nf3 d6 3. Bb5+ Bd7 4. Bxd7+ Qxd7 5. 0-0 Nf6 6. Qe2 Nc6 7. Rd1 e6 8. d4 cxd4 9. Nxd4 Be7 10. c4 Nxd4 11. Rxd4 Qc6 12. Nc3 Nd7 13. Rd1 a6 14. b3 Bf6 15. Bb2 0-0 16. Qd2 Nc5 17. f3 b5 18. b4 Nb7 19. cxb5 Qb6+ 20. Kh1 axb5 21. a4 bxa4 22. Nxa4 Qd8 23. Bd4 h6 24. h3 Qe7 25. Nb6 Rxa1 26. Rxa1 Bxd4 27. Qxd4 Qc7 28. Nc4 Rc8 29. Na5 Ra8 30. Nxb7 Rxa1+ 31. Qxa1 Qxb7 32. Qa5 Qc6 33. Kh2 d5 34. exd5 Qd6+ 35. Kg1 exd5 36. b5 d4 37. Qa8+ Kh7 38. Qe4+ g6 39. Qd3 Qc5 40. Kf2 Kg7 41. Ke2 Qb4 42. f4 f5 43. Kf2 Qd6 44. g3 Qc5 45. Ke2 Kf6 46. Qb3 Qe7+ 47. Kd2 Qe4 48. b6 Qg2+ 49. Kd3 Qe4+ 50. Kd2 Qg2+ 51. Kc1 Qf1+ 52. Qd1 Qc4+ 53. Qc2 Qf1+ 54. Kd2 Qg2+ 55. Kc1 Qf1+ 56. Kb2 Qb5+ 57. Qb3 Qe2+ 58. Kc1 Qe1+ 59. Kb2 Qe2+ 60. Ka3 Qa6+ 61. Kb2 1/2-1/2

[Event "Barbera del Valles op 42nd"]
[Site "Barbera del Valles"]
[Date "2019.07.11"]
[Round "8"]
[White "Singh, S Vikramjit"]
[Black "Garcia Ramos, Daniel"]
[Result "1/2-1/2"]
[WhiteElo "2164"]
[BlackElo "2336"]
[PlyCount "93"]
[EventDate "2019.07.04"]
[EventType "swiss"]
[EventRounds "9"]
[EventCountry "ESP"]
[SourceTitle "CBM 191 Extra"]
[Source "ChessBase"]
[SourceDate "2019.09.30"]
[SourceVersion "1"]
[SourceVersionDate "2019.09.30"]
[SourceQuality "1"]

1. d4 Nf6 2. c4 e6 3. Nf3 Bb4+ 4. Bd2 c5 5. a3 Bxd2+ 6. Qxd2 cxd4 7. Nxd4 0-0 8. Nc3 b6 9. e4 Bb7 10. Bd3 d5 11. cxd5 exd5 12. e5 Ne4 13. Qe3 Nd7 14. Nxe4 dxe4 15. Bxe4 Bxe4 16. Qxe4 Nxe5 17. 0-0 Qf6 18. Nb5 Ng6 19. Nc3 Rfe8 20. Qg4 Qe5 21. Rad1 h5 22. Qd4 Qxd4 23. Rxd4 Rad8 24. Rxd8 Rxd8 25. Rd1 Rxd1+ 26. Nxd1 Kf8 27. Ne3 Ne5 28. Kf1 Ke7 29. Ke2 Ke6 30. h3 g5 31. g3 Ng6 32. Kd3 f5 33. Kd4 f4 34. Nd5 Kf5 35. a4 Ne5 36. gxf4 gxf4 37. Ne7+ Ke6 38. Ke4 Nc4 39. Nc6 Nxb2 40. Nxa7 Nxa4 41. Kxf4 Nc3 42. Kg5 Ne4+ 43. Kxh5 Nxf2 44. Kh4 Kd5 45. Kg3 Nxh3 46. Kxh3 b5 47. Nxb5 1/2-1/2

[Event "Barbera del Valles op 42nd"]
[Site "Barbera del Valles"]
[Date "2019.07.06"]
[Round "3"]
[White "Berdayes Ason, Dylan Isidro"]
[Black "Singh, S Vikramjit"]
[Result "1/2-1/2"]
[WhiteElo "2461"]
[BlackElo "2164"]
[PlyCount "123"]
[EventDate "2019.07.04"]
[EventType "swiss"]
[EventRounds "9"]
[EventCountry "ESP"]
[SourceTitle "EXT 2020"]
[Source "ChessBase"]
[SourceDate "2019.10.17"]
[SourceVersion "1"]
[SourceVersionDate "2019.10.17"]
[SourceQuality "1"]

1. e4 c5 2. Nf3 d6 3. Bb5+ Bd7 4. Bxd7+ Qxd7 5. c4 Nf6 6. Nc3 g6 7. d4 cxd4 8. Nxd4 Bg7 9. b3 Nc6 10. Bb2 0-0 11. 0-0 e6 12. Rc1 Rfd8 13. Nxc6 Qxc6 14. f3 a6 15. Qe2 Rac8 16. Rfd1 Bh6 17. Rb1 Bg7 18. Kh1 Ne8 19. Rbc1 Bh6 20. Rb1 Bg7 21. Rd3 Nc7 22. Rbd1 b5 23. cxb5 Nxb5 24. Nxb5 axb5 25. Bxg7 Kxg7 26. Qb2+ Kg8 27. Qf6 h5 28. h4 Rd7 29. Kh2 Qc7 30. Kh3 Qd8 31. Qf4 Rc6 32. Qd2 Ra6 33. Rc1 Rc7 34. Rd1 Rcc6 35. Qe2 Qf6 36. Rd4 Qe5 37. Rb4 Ra5 38. Rbd4 Rca6 39. R4d2 Ra3 40. Rc1 Kg7 41. Rcc2 Qa1 42. Rb2 Qg1 43. Rbc2 Qa1 44. f4 Qf6 45. Qf2 b4 46. Kh2 R3a5 47. Rc4 Qa1 48. Rcc2 Qf6 49. g3 Qa1 50. Qe2 Qf6 51. Kg2 d5 52. exd5 exd5 53. Qe8 Re6 54. Qb8 Rb6 55. Qc7 Rab5 56. Qd7 Qe6 57. Rc7 Ra5 58. Qxe6 Rxe6 59. Rb7 Rea6 60. Kf3 Rxa2 61. Rxd5 Rc6 62. Rd3 1/2-1/2

[Event "New Delhi Parsvnath op-A 17th"]
[Site "New Delhi"]
[Date "2019.01.15"]
[Round "9"]
[White "Singh, S Vikramjit"]
[Black "Khusenkhojaev, Muhammad"]
[Result "0-1"]
[WhiteElo "2214"]
[BlackElo "2455"]
[PlyCount "104"]
[EventDate "2019.01.09"]
[EventType "swiss"]
[EventRounds "10"]
[EventCountry "IND"]
[SourceTitle "CBM 188 Extra"]
[Source "ChessBase"]
[SourceDate "2019.02.26"]
[SourceVersion "1"]
[SourceVersionDate "2019.02.26"]
[SourceQuality "1"]

1. d4 Nf6 2. c4 g6 3. Nc3 d5 4. cxd5 Nxd5 5. e4 Nxc3 6. bxc3 Bg7 7. Qa4+ Qd7 8. Bb5 c6 9. Be2 0-0 10. Nf3 c5 11. Qxd7 Nxd7 12. Be3 b6 13. Bb5 Nb8 14. Ne5 Bb7 15. f3 a6 16. Be2 Rd8 17. Rb1 b5 18. a4 b4 19. a5 bxc3 20. Rxb7 cxd4 21. Nc4 Nc6 22. Rc7 Nb4 23. Bf4 d3 24. Nb6 Rab8 25. Rc4 c2 26. Bd2 dxe2 27. Kxe2 Rxd2+ 28. Kxd2 Bh6+ 29. Ke2 Rd8 30. f4 Bxf4 31. Kf3 Bh6 32. Rxb4 Rd1 33. Rc4 Rxh1 34. Rxc2 Rxh2 35. Nd5 e6 36. Nf6+ Kg7 37. e5 Bg5 38. Ne8+ Kh6 39. Nd6 f5 40. Rc7 Rh1 41. Ra7 Ra1 42. Rxa6 Bd2 43. Nc4 Bc3 44. Ra8 Ra4 45. Nd6 Rxa5 46. Nf7+ Kh5 47. Rh8 g5 48. Rg8 h6 49. Re8 Ra7 50. Nd6 Ra5 51. Nf7 Ra7 52. Nd6 Bxe5 0-1

[Event "Goa op 1st"]
[Site "Taleigao"]
[Date "2018.10.18"]
[Round "8"]
[White "Singh, S Vikramjit"]
[Black "Anwesh, Upadhyaya"]
[Result "1-0"]
[WhiteElo "2192"]
[BlackElo "2381"]
[PlyCount "49"]
[EventDate "2018.10.13"]
[EventType "swiss"]
[EventRounds "10"]
[EventCountry "IND"]
[SourceTitle "CBM 186 Extra"]
[Source "ChessBase"]
[SourceDate "2018.08.24"]
[SourceVersion "1"]
[SourceVersionDate "2018.08.24"]
[SourceQuality "1"]

1. d4 d5 2. c4 c6 3. Nf3 Nf6 4. Nc3 e6 5. e3 Nbd7 6. Qc2 Bd6 7. g4 h6 8. Rg1 g5 9. Bd2 a6 10. e4 e5 11. cxd5 cxd5 12. Nxd5 Nxd5 13. exd5 0-0 14. Bd3 Qf6 15. Bf5 exd4 16. h4 d3 17. Qxd3 Ne5 18. Nxe5 Re8 19. hxg5 hxg5 20. Kf1 Bxe5 21. Re1 b5 22. Qh3 Qg7 23. d6 f6 24. Qb3+ Qf7 25. d7 1-0

[Event "New Delhi Parsvnath op-A 16th"]
[Site "New Delhi"]
[Date "2018.01.10"]
[Round "2"]
[White "Sivuk, Vitaly"]
[Black "Singh, S Vikramjit"]
[Result "1-0"]
[WhiteElo "2550"]
[BlackElo "2227"]
[PlyCount "103"]
[EventDate "2018.01.09"]
[EventType "swiss"]
[EventRounds "10"]
[EventCountry "IND"]
[SourceTitle "CBM 182 Extra"]
[Source "ChessBase"]
[SourceDate "2018.02.23"]
[SourceVersion "1"]
[SourceVersionDate "2018.02.23"]
[SourceQuality "1"]

1. d4 d5 2. Nf3 Bg4 3. c4 Bxf3 4. gxf3 dxc4 5. e3 e6 6. Bxc4 c6 7. Qb3 Qb6 8. Nc3 Qxb3 9. Bxb3 Nd7 10. f4 g6 11. e4 Ngf6 12. Be3 Bb4 13. f3 0-0 14. Kf2 Rfe8 15. Rac1 Bf8 16. Ne2 Bh6 17. Ng3 Bg7 18. Rhg1 Nb6 19. h4 h5 20. Rc5 Rad8 21. Ra5 Nc8 22. f5 exf5 23. exf5 Kf8 24. fxg6 fxg6 25. Ne2 Ne7 26. Nf4 Nfd5 27. Ne6+ Kf7 28. Nxd8+ Rxd8 29. Rxa7 Rd7 30. Rd1 Nf5 31. Bxd5+ cxd5 32. Rd3 Re7 33. Ra4 Rc7 34. Rc3 Re7 35. Rb4 Bf6 36. Bg5 Bxg5 37. hxg5 h4 38. Rcb3 b5 39. Kg2 Re2+ 40. Kh3 Ke6 41. a4 Ne3 42. Rxe3+ Rxe3 43. axb5 Rxf3+ 44. Kxh4 Kd7 45. b6 Kc8 46. Kg4 Rd3 47. b7+ Kb8 48. Kf4 Rd1 49. Kg4 Rd3 50. Kf4 Rd1 51. Ke5 Rf1 52. Kxd5 1-0

[Event "Mumbai Wealth op 3rd"]
[Site "Mumbai"]
[Date "2018.01.05"]
[Round "7"]
[White "Nitin, Senthilvel"]
[Black "Singh, S Vikramjit"]
[Result "1/2-1/2"]
[WhiteElo "2441"]
[BlackElo "2256"]
[PlyCount "176"]
[EventDate "2017.12.30"]
[EventType "swiss"]
[EventRounds "9"]
[EventCountry "IND"]
[SourceTitle "CBM 182 Extra"]
[Source "ChessBase"]
[SourceDate "2018.02.23"]
[SourceVersion "1"]
[SourceVersionDate "2018.02.23"]
[SourceQuality "1"]

1. e4 c5 2. Nf3 d6 3. d4 cxd4 4. Qxd4 Nc6 5. Qe3 Nf6 6. h3 g6 7. c4 Bg7 8. Be2 0-0 9. 0-0 e5 10. Rd1 Qe7 11. Nc3 Be6 12. b3 Nb4 13. Qd2 Nh5 14. Nb5 a5 15. Bb2 Rad8 16. a3 Na6 17. b4 Nf6 18. Bd3 Nh5 19. Bf1 Nf6 20. Qe1 Nh5 21. Bc1 Nf4 22. Bxf4 exf4 23. Rab1 axb4 24. axb4 Nc7 25. Nc3 Rfe8 26. Qd2 Qf6 27. Rbc1 Bc8 28. Qa2 Qe7 29. Re1 h6 30. Nd5 Qd7 31. Nxf4 Kh7 32. Bd3 Qe7 33. Qa5 Ne6 34. Nd5 Qf8 35. e5 dxe5 36. Nxe5 Rxd5 37. Qxd5 Nf4 38. Qxf7 Qxf7 39. Nxf7 Rf8 40. Ne5 Bxe5 41. Rxe5 Nxd3 42. Re7+ Kg8 43. Rd1 Nxb4 44. Rd6 Bf5 45. Rxb7 Nd3 46. Re7 Rf7 47. Rxf7 Kxf7 48. g4 Ke7 49. c5 Be4 50. f3 Nxc5 51. Rb6 Bd3 52. Kf2 Ne6 53. Ke3 Bc2 54. f4 Kf6 55. Rb4 g5 56. f5 Bxf5 57. gxf5 Kxf5 58. Rb5+ Kg6 59. Rb6 Kf5 60. Ra6 Ke5 61. Ra5+ Kf6 62. Ke4 Nf4 63. Ra6+ Kg7 64. h4 Ng6 65. Ra7+ Kf8 66. Kf5 Nxh4+ 67. Ke6 Kg8 68. Kf6 Nf3 69. Rg7+ Kf8 70. Rh7 Ke8 71. Rxh6 Kd7 72. Kf5 Nd4+ 73. Ke4 Nc6 74. Rg6 g4 75. Rxg4 Kd6 76. Rg5 Ne7 77. Rh5 Nc6 78. Rh6+ Kc5 79. Re6 Nb4 80. Re7 Nc6 81. Rd7 Nb4 82. Rd1 Nc6 83. Rc1+ Kd6 84. Rd1+ Kc5 85. Rd5+ Kc4 86. Rh5 Nb4 87. Rh1 Kc5 88. Rc1+ Kd6 1/2-1/2

[Event "Hyderabad op"]
[Site "Hyderabad"]
[Date "2017.09.29"]
[Round "9"]
[White "Singh, S Vikramjit"]
[Black "Chakravarthi, Reddy M"]
[Result "1-0"]
[WhiteElo "2207"]
[BlackElo "2329"]
[PlyCount "57"]
[EventDate "2017.09.25"]
[EventType "swiss"]
[EventRounds "10"]
[EventCountry "IND"]
[SourceTitle "EXT 2018"]
[Source "ChessBase"]
[SourceDate "2017.10.13"]
[SourceVersion "1"]
[SourceVersionDate "2017.10.13"]
[SourceQuality "1"]

1. d4 c5 2. d5 Nf6 3. Nc3 g6 4. e4 d6 5. Be2 Bg7 6. Nf3 0-0 7. 0-0 Na6 8. h3 Nc7 9. Bf4 a6 10. a4 b6 11. Re1 Rb8 12. Bh2 Nd7 13. Bf1 b5 14. axb5 axb5 15. Qd2 f5 16. e5 Nxe5 17. Nxe5 dxe5 18. Bxe5 Bxe5 19. Rxe5 b4 20. Na4 Qd6 21. Qe1 Rf7 22. b3 Bb7 23. Bc4 Ra8 24. Rd1 Ra5 25. Re6 Qf4 26. g3 Qf3 27. Rd3 Qh5 28. Rxe7 Qxh3 29. Rxc7 1-0

[Event "Hyderabad op"]
[Site "Hyderabad"]
[Date "2017.09.27"]
[Round "6"]
[White "Muthaiah, Al"]
[Black "Singh, S Vikramjit"]
[Result "1/2-1/2"]
[WhiteElo "2364"]
[BlackElo "2207"]
[PlyCount "35"]
[EventDate "2017.09.25"]
[EventType "swiss"]
[EventRounds "10"]
[EventCountry "IND"]
[SourceTitle "EXT 2018"]
[Source "ChessBase"]
[SourceDate "2017.10.13"]
[SourceVersion "1"]
[SourceVersionDate "2017.10.13"]
[SourceQuality "1"]

1. Nf3 g6 2. e4 Bg7 3. d4 d6 4. Nc3 Nd7 5. Bc4 e6 6. Bg5 Ne7 7. Qd2 h6 8. Be3 c6 9. a4 g5 10. h3 d5 11. Bd3 f5 12. exf5 exf5 13. g3 0-0 14. h4 g4 15. Ng1 h5 16. Nge2 Ng6 17. 0-0 Nf6 18. Nf4 1/2-1/2

[Event "Bhubaneswar op 10th"]
[Site "Bhubaneswar"]
[Date "2017.06.01"]
[Round "9"]
[White "Singh, S Vikramjit"]
[Black "Laxman, Rajaram"]
[Result "0-1"]
[WhiteElo "2213"]
[BlackElo "2417"]
[PlyCount "128"]
[EventDate "2017.05.26"]
[EventType "swiss"]
[EventRounds "10"]
[EventCountry "IND"]
[SourceTitle "CBM 178 Extra"]
[Source "ChessBase"]
[SourceDate "2017.06.22"]
[SourceVersion "1"]
[SourceVersionDate "2017.06.22"]
[SourceQuality "1"]

1. d4 Nf6 2. c4 e6 3. Nf3 d5 4. Nc3 Bb4 5. Qa4+ Nc6 6. Bg5 dxc4 7. a3 Bxc3+ 8. bxc3 Qd5 9. Bf4 Bd7 10. Qd1 Qf5 11. g3 Nd5 12. Bd2 e5 13. dxe5 Nxe5 14. Bg2 Nxf3+ 15. Bxf3 0-0-0 16. 0-0 Qe5 17. Qc2 h5 18. Qa2 Bg4 19. Qxc4 Bxf3 20. exf3 Nb6 21. Qf4 Qxf4 22. Bxf4 Rd3 23. Be5 f6 24. Bd4 Nc4 25. Rfe1 Kd7 26. Rad1 Rxd1 27. Rxd1 Kc6 28. a4 Re8 29. h4 a5 30. Kg2 Nb2 31. Ra1 Kd5 32. Rb1 Re2 33. g4 c5 34. Be3 b6 35. gxh5 Nxa4 36. Rd1+ Ke6 37. Rd8 Nxc3 38. h6 gxh6 39. Bxh6 Re5 40. Kg3 Kf5 41. h5 Ne2+ 42. Kh4 Nd4 43. Kg3 a4 44. Be3 a3 45. h6 Re7 46. Ra8 Nc2 47. Bc1 Kg6 48. Bxa3 Nxa3 49. Rxa3 c4 50. Ra6 b5 51. Rb6 Re5 52. Rc6 Rh5 53. Kg4 Rh1 54. Rc5 Rg1+ 55. Kf4 Rg5 56. Rc6 Re5 57. h7 Kxh7 58. Rxf6 Rc5 59. Ra6 c3 60. Ra1 c2 61. Rc1 b4 62. Ke3 b3 63. Kd2 b2 64. Rxc2 Rd5+ 0-1

[Event "Bhubaneswar op 10th"]
[Site "Bhubaneswar"]
[Date "2017.05.29"]
[Round "6"]
[White "Rathanvel, VS."]
[Black "Singh, S Vikramjit"]
[Result "0-1"]
[WhiteElo "2361"]
[BlackElo "2213"]
[PlyCount "60"]
[EventDate "2017.05.26"]
[EventType "swiss"]
[EventRounds "10"]
[EventCountry "IND"]
[SourceTitle "CBM 178 Extra"]
[Source "ChessBase"]
[SourceDate "2017.06.22"]
[SourceVersion "1"]
[SourceVersionDate "2017.06.22"]
[SourceQuality "1"]

1. e4 c5 2. Nf3 d6 3. d4 cxd4 4. Nxd4 Nf6 5. Nc3 Nc6 6. Bg5 e6 7. Qd2 a6 8. 0-0-0 Bd7 9. f3 Be7 10. Kb1 0-0 11. h4 Nxd4 12. Qxd4 Bc6 13. e5 dxe5 14. Qxe5 Qb8 15. Qe1 Rd8 16. Bd3 Qc7 17. h5 h6 18. Bh4 b5 19. Qf2 b4 20. Ne2 Nd5 21. Bxe7 Qxe7 22. Bc4 Nc7 23. Nf4 Bb5 24. Bxb5 Nxb5 25. Qb6 Rdb8 26. Qa5 Qg5 27. Qxb4 a5 28. Qd2 Na3+ 29. Ka1 Rxb2 30. Nxe6 Rb1+ 0-1

[Event "Chennai op 9th"]
[Site "Chennai"]
[Date "2017.01.24"]
[Round "9"]
[White "Erigaisi, Arjun Kumar"]
[Black "Singh, S Vikramjit"]
[Result "1/2-1/2"]
[WhiteElo "2270"]
[BlackElo "2145"]
[PlyCount "75"]
[EventDate "2017.01.18"]
[EventType "swiss"]
[EventRounds "10"]
[EventCountry "IND"]
[SourceTitle "CBM 176 Extra"]
[Source "ChessBase"]
[SourceDate "2017.03.02"]
[SourceVersion "1"]
[SourceVersionDate "2017.03.02"]
[SourceQuality "1"]

1. Nf3 g6 2. g3 Bg7 3. Bg2 d6 4. 0-0 e5 5. e4 c5 6. c3 Nc6 7. d3 Nf6 8. Re1 0-0 9. Na3 Re8 10. Be3 h6 11. Qc2 b6 12. Rad1 Bb7 13. Bc1 Rc8 14. Nc4 b5 15. Ne3 a6 16. Qb1 Kh7 17. a3 a5 18. h4 Kg8 19. Kh2 a4 20. g4 Nh7 21. Bh3 Na5 22. Rg1 Nb3 23. g5 Rc7 24. gxh6 Nxc1 25. Qxc1 Bxh6 26. Qc2 Kh8 27. c4 Nf6 28. cxb5 d5 29. Qxa4 Bf4+ 30. Kg2 c4 31. dxc4 d4 32. Nd5 Nxe4 33. Nxc7 Qxc7 34. b6 Qb8 35. Qa7 Qxa7 36. bxa7 Nd2 37. Rxd2 Bxd2 38. Bd7 1/2-1/2

[Event "New Delhi Parsvnath op 15th"]
[Site "New Delhi"]
[Date "2017.01.12"]
[Round "6"]
[White "Rakesh, Kumar Jena"]
[Black "Singh, S Vikramjit"]
[Result "1-0"]
[WhiteElo "2335"]
[BlackElo "2145"]
[PlyCount "113"]
[EventDate "2017.01.09"]
[EventType "swiss"]
[EventRounds "10"]
[EventCountry "IND"]
[SourceTitle "CBM 176 Extra"]
[Source "ChessBase"]
[SourceDate "2017.03.02"]
[SourceVersion "1"]
[SourceVersionDate "2017.03.02"]
[SourceQuality "1"]

1. e4 c5 2. Nf3 d6 3. c3 Nf6 4. Be2 g6 5. 0-0 Bg7 6. Re1 0-0 7. Bf1 Nc6 8. h3 e5 9. d3 d5 10. exd5 Nxd5 11. Na3 Re8 12. Nc4 b5 13. Ne3 Be6 14. Nxd5 Bxd5 15. Be3 Qe7 16. Nd2 f5 17. Nb3 Qf7 18. Nxc5 Bf8 19. f3 a5 20. a4 b4 21. c4 Be6 22. Nxe6 Rxe6 23. Bf2 Rd8 24. Rc1 Bh6 25. Be3 Bxe3+ 26. Rxe3 f4 27. Re4 Red6 28. c5 Rd4 29. Qe1 Qf6 30. Rc4 Kg7 31. Rcxd4 Rxd4 32. Qc1 Qf7 33. Rxd4 Nxd4 34. c6 Qc7 35. Qc5 Kf6 36. h4 Qxc6 37. Qf8+ Ke6 38. Qg8+ Kf6 39. Qh8+ Ke6 40. Qxh7 Kd5 41. Qf7+ Qe6 42. Qc7 Qa6 43. Qc4+ Qxc4 44. dxc4+ Ke6 45. Bd3 Nb3 46. Bxg6 Nc5 47. Bc2 b3 48. Bd1 Kf6 49. g4 fxg3 50. Kg2 Nxa4 51. Bxb3 Nxb2 52. c5 a4 53. Ba2 Nd3 54. c6 Ke7 55. Kxg3 Nb4 56. c7 Kd7 57. h5 1-0

[Event "New Delhi Parsvnath op 15th"]
[Site "New Delhi"]
[Date "2017.01.10"]
[Round "3"]
[White "Ravi, Teja Sanka"]
[Black "Singh, S Vikramjit"]
[Result "1/2-1/2"]
[WhiteElo "2388"]
[BlackElo "2145"]
[PlyCount "95"]
[EventDate "2017.01.09"]
[EventType "swiss"]
[EventRounds "10"]
[EventCountry "IND"]
[SourceTitle "CBM 176 Extra"]
[Source "ChessBase"]
[SourceDate "2017.03.02"]
[SourceVersion "1"]
[SourceVersionDate "2017.03.02"]
[SourceQuality "1"]

1. d4 Nf6 2. Nf3 g6 3. g3 Bg7 4. Bg2 0-0 5. 0-0 d6 6. c4 c5 7. d5 b5 8. cxb5 a6 9. bxa6 Bxa6 10. Nc3 Nbd7 11. Rb1 Ng4 12. Bd2 Qc7 13. b3 Rfb8 14. Qc2 Rb7 15. Rfc1 Rab8 16. a4 Rb6 17. a5 R6b7 18. Qa2 h5 19. Bf1 Qd8 20. Be1 Ngf6 21. Rd1 Ne8 22. Na4 Nc7 23. Nb6 Nxb6 24. axb6 Rxb6 25. Ba5 Bc8 26. Bxb6 Rxb6 27. e4 Bg4 28. Rd3 Qb8 29. h3 Bd7 30. Re1 Nb5 31. Qa5 Nd4 32. Nxd4 Bxd4 33. Rf3 Rxb3 34. Rd3 Kg7 35. Red1 Rxd3 36. Rxd3 Qb1 37. Qd2 Bb5 38. Kg2 Bxd3 39. Bxd3 Qb3 40. Qe2 Qc3 41. h4 Kf8 42. Bb5 Kg7 43. Bc4 Kf8 44. Bb5 Qb4 45. Bd3 Kg7 46. Ba6 Qa5 47. Bc4 Qc3 48. Ba6 1/2-1/2

[Event "Mumbai Mayors Cup 9th"]
[Site "Mumbai"]
[Date "2016.06.07"]
[Round "8"]
[White "Singh, S Vikramjit"]
[Black "Grigoryan, Karen H"]
[Result "0-1"]
[WhiteElo "2160"]
[BlackElo "2604"]
[PlyCount "66"]
[EventDate "2016.06.02"]
[EventType "swiss"]
[EventRounds "10"]
[EventCountry "IND"]
[SourceTitle "CBM 173 Extra"]
[Source "ChessBase"]
[SourceDate "2016.08.29"]
[SourceVersion "1"]
[SourceVersionDate "2016.08.29"]
[SourceQuality "1"]

1. d4 Nf6 2. c4 g6 3. Nc3 d5 4. Nf3 Bg7 5. cxd5 Nxd5 6. e4 Nxc3 7. bxc3 c5 8. Rb1 0-0 9. Be2 cxd4 10. cxd4 Qa5+ 11. Bd2 Qxa2 12. 0-0 b6 13. Qc1 Qe6 14. d5 Qxe4 15. Re1 Qxd5 16. Bc4 Qb7 17. Bh6 Bf5 18. Rb5 Qd7 19. Bxg7 Kxg7 20. Qb2+ f6 21. Rd5 Qc7 22. Bb3 Na6 23. Nd4 e5 24. Nxf5+ gxf5 25. Bc2 Nb4 26. Qxb4 Qxc2 27. f4 e4 28. Qd6 Rf7 29. Qe6 Qc8 30. Qd6 Qc3 31. Kf2 Rc8 32. Rxf5 e3+ 33. Kf1 Qc2 0-1